PUEBLA, GARANTIA DE DESARROLLO ECONOMICO (Registro nro. 22083)
[ vista simple ]
| 000 -LEADER | |
|---|---|
| fixed length control field | 00420nam a2200145 a 4500 |
| 001 - CONTROL NUMBER | |
| control field | 22083 |
| 005 - DATE AND TIME OF LATEST TRANSACTION | |
| control field | 20180713215931.0 |
| 008 - FIXED-LENGTH DATA ELEMENTS--GENERAL INFORMATION | |
| fixed length control field | 140415s1967 000 0 spa d |
| 041 ## - LANGUAGE CODE | |
| Language code of text/sound track or separate title | spa |
| 082 ## - DEWEY DECIMAL CLASSIFICATION NUMBER | |
| Classification number | 338.97248 |
| Item number | PUE |
| 245 00 - TITLE STATEMENT | |
| Title | PUEBLA, GARANTIA DE DESARROLLO ECONOMICO |
| 260 ## - PUBLICATION, DISTRIBUTION, ETC. | |
| Place of publication, distribution, etc. | [s.l.] : |
| Name of publisher, distributor, etc. | COMISION DE PROMOCION INDUSTRIAL, |
| Date of publication, distribution, etc. | 1967 |
| 490 ## - SERIES STATEMENT | |
| Series statement | COL.PUEBLA |
| 650 14 - SUBJECT ADDED ENTRY--TOPICAL TERM | |
| Topical term or geographic name entry element | POLITICA ECONOMICA |
| General subdivision | PUEBLA |
| Withdrawn status | Lost status | Source of classification or shelving scheme | Damaged status | Not for loan | Collection code | Home library | Current library | Shelving location | Date acquired | Source of acquisition | Inventory number | Total Checkouts | Full call number | Barcode | Date last seen | Date last checked out | Price effective from | Koha item type |
|---|---|---|---|---|---|---|---|---|---|---|---|---|---|---|---|---|---|---|
| Dewey Decimal Classification | General | Biblioteca Karol Wojtyla | Biblioteca Karol Wojtyla | Sala general | 03/12/2013 | Compra | 151000000000000000051260 | 338.97248 PUE | 42529 | 05/01/2026 | 14/10/2016 | 03/12/2013 | Libro |